[Event "Moscow RGGU op"]
[Site "Moscow"]
[Date "2019.04.06"]
[Round "4"]
[White "Zakharova, Anna"]
[Black "Volkov, Aleksandr"]
[Result "1-0"]
[WhiteElo "1820"]
[BlackElo "1461"]
[PlyCount "35"]
[EventDate "2019.03.16"]
[EventType "swiss"]
[EventRounds "7"]
[EventCountry "RUS"]
[SourceTitle "CBM 190 Extra"]
[Source "ChessBase"]
[SourceDate "2019.07.15"]
[SourceVersion "1"]
[SourceVersionDate "2019.07.15"]
[SourceQuality "1"]

1. e4 c5 2. Nf3 d6 3. d4 cxd4 4. Nxd4 Nf6 5. Nc3 e6 6. g3 Be7 7. Bg2 e5 8. Nb3 a6 9. a4 Be6 10. Nd5 Bxd5 11. exd5 Nbd7 12. c4 Rc8 13. Nd2 Qa5 14. 0-0 b5 15. b3 Nb6 16. Qe2 bxc4 17. bxc4 Nxa4 18. Qd1 1-0

[Event "WC-2015-P-00008"]
[Site "LSS email"]
[Date "2015.01.19"]
[Round "?"]
[White "Bogomolov, Alexander"]
[Black "Volkov, Aleksandr"]
[Result "1-0"]
[WhiteElo "1973"]
[BlackElo "2192"]
[PlyCount "81"]
[EventDate "2015.01.25"]
[EventType "tourn (corr)"]
[EventRounds "12"]
[EventCountry "GER"]
[SourceTitle "Corr 2022"]
[Source "ChessBase"]
[SourceDate "2021.10.24"]
[SourceVersion "1"]
[SourceVersionDate "2021.10.24"]
[SourceQuality "1"]

1. e4 c5 2. Nf3 Nc6 3. d4 cxd4 4. Nxd4 Nf6 5. Nc3 e5 6. Ndb5 d6 7. Bg5 a6 8. Na3 b5 9. Bxf6 gxf6 10. Nd5 f5 11. c3 Bg7 12. Bd3 Ne7 13. Nxe7 Qxe7 14. 0-0 0-0 15. c4 Bb7 16. Qf3 Qg5 17. Rad1 bxc4 18. Bb1 c3 19. bxc3 Rfc8 20. Qe2 f4 21. Kh1 Rxc3 22. Nc4 a5 23. Bd3 Rd8 24. Nxa5 Ba8 25. Bc4 Bf8 26. Rg1 Rc8 27. Bb3 Kg7 28. Nc4 Rc6 29. f3 h5 30. Qb2 R6xc4 31. Bxc4 Rxc4 32. g3 Bxe4 33. fxe4 f3 34. Qb3 Rxe4 35. Rgf1 Re3 36. Rd3 Rxd3 37. Qxd3 Qg4 38. Qxf3 Qc4 39. a4 Be7 40. a5 f6 41. Ra1 1-0

[Event "WC-2015-P-00008"]
[Site "LSS email"]
[Date "2015.01.19"]
[Round "?"]
[White "Mauro, Lucio"]
[Black "Volkov, Aleksandr"]
[Result "1/2-1/2"]
[WhiteElo "2175"]
[BlackElo "2192"]
[PlyCount "108"]
[EventDate "2015.01.25"]
[EventType "tourn (corr)"]
[EventRounds "12"]
[EventCountry "GER"]
[SourceTitle "Corr 2022"]
[Source "ChessBase"]
[SourceDate "2021.10.24"]
[SourceVersion "1"]
[SourceVersionDate "2021.10.24"]
[SourceQuality "1"]

1. e4 c5 2. Nf3 Nc6 3. d4 cxd4 4. Nxd4 Nf6 5. Nc3 e5 6. Ndb5 d6 7. Bg5 a6 8. Na3 b5 9. Bxf6 gxf6 10. Nd5 f5 11. Bd3 Be6 12. 0-0 Bxd5 13. exd5 Ne7 14. Re1 Bg7 15. c3 0-0 16. Nc2 Qd7 17. g3 Nxd5 18. Qh5 Ne7 19. Ne3 e4 20. Nxf5 Qxf5 21. Qxf5 Nxf5 22. Bxe4 b4 23. cxb4 Bxb2 24. Rab1 Bc3 25. Rec1 Nd4 26. Bxa8 Rxa8 27. Kf1 Rc8 28. Rd1 Nc2 29. Rxd6 Nxb4 30. a3 Be5 31. Rb6 Nd3 32. f4 Bg7 33. Rxa6 Bf8 34. Ra5 h6 35. Rd5 Nc5 36. Rc1 Ra8 37. Rdxc5 Bxc5 38. Rxc5 Rxa3 39. Kg2 Ra2+ 40. Kh3 Rf2 41. Rh5 Kg7 42. Rc5 Kg6 43. Rc1 h5 44. Rh1 Rc2 45. Kh4 f6 46. h3 f5 47. Rd1 Rc3 48. Rd6+ Kg7 49. Rd5 Kf6 50. Ra5 Rf3 51. Ra6+ Kg7 52. Ra8 Rd3 53. Ra5 Kf6 54. Ra2 Rc3 1/2-1/2

[Event "CP-2014-P-00055"]
[Site "LSS email"]
[Date "2014.09.30"]
[Round "?"]
[White "Krueger, Hilmar"]
[Black "Volkov, Aleksandr"]
[Result "1-0"]
[WhiteElo "2281"]
[BlackElo "2197"]
[PlyCount "51"]
[EventDate "2014.10.01"]
[EventType "tourn (corr)"]
[EventRounds "6"]
[EventCountry "GER"]
[SourceTitle "Corr 2022"]
[Source "ChessBase"]
[SourceDate "2021.10.24"]
[SourceVersion "1"]
[SourceVersionDate "2021.10.24"]
[SourceQuality "1"]

1. e4 c5 2. Nf3 Nc6 3. d4 cxd4 4. Nxd4 Nf6 5. Nc3 e5 6. Ndb5 d6 7. Bg5 a6 8. Na3 b5 9. Bxf6 gxf6 10. Nd5 f5 11. c3 Bg7 12. exf5 Bxf5 13. Nc2 0-0 14. Nce3 Be6 15. Bd3 f5 16. 0-0 Rb8 17. Qh5 Qd7 18. Bc2 Qf7 19. Qh4 h6 20. f4 e4 21. Rad1 Rbe8 22. g4 fxg4 23. Bxe4 Qa7 24. Kh1 Bd7 25. f5 Rxe4 26. f6 1-0

[Event "CP-2013-P-00002"]
[Site "LSS email"]
[Date "2013.09.30"]
[Round "?"]
[White "Baroin, Bernard"]
[Black "Volkov, Aleksandr"]
[Result "1-0"]
[WhiteElo "2229"]
[BlackElo "2213"]
[PlyCount "61"]
[EventDate "2013.10.01"]
[EventType "tourn (corr)"]
[EventRounds "6"]
[EventCountry "GER"]
[SourceTitle "Corr 2022"]
[Source "ChessBase"]
[SourceDate "2021.10.24"]
[SourceVersion "1"]
[SourceVersionDate "2021.10.24"]
[SourceQuality "1"]

1. e4 c5 2. Nf3 Nc6 3. d4 cxd4 4. Nxd4 Nf6 5. Nc3 e5 6. Ndb5 d6 7. Bg5 a6 8. Na3 b5 9. Bxf6 gxf6 10. Nd5 f5 11. Bd3 Be6 12. c3 Bxd5 13. exd5 Ne7 14. Nxb5 Bg7 15. Na3 e4 16. Be2 0-0 17. 0-0 Ng6 18. Qc2 Re8 19. Nc4 f4 20. Kh1 Rc8 21. Nd2 Rb8 22. a4 f3 23. gxf3 exf3 24. Bxa6 Qg5 25. Rg1 Qh5 26. Bb5 Re7 27. Ne4 Qxd5 28. Ng5 Re2 29. Bxe2 fxe2+ 30. Qe4 Qe5 31. a5 1-0

[Event "CP-2013-P-00002"]
[Site "LSS email"]
[Date "2013.09.30"]
[Round "?"]
[White "Ramponelli, Roberto"]
[Black "Volkov, Aleksandr"]
[Result "1-0"]
[WhiteElo "2263"]
[BlackElo "2213"]
[PlyCount "75"]
[EventDate "2013.10.01"]
[EventType "tourn (corr)"]
[EventRounds "6"]
[EventCountry "GER"]
[SourceTitle "Corr 2022"]
[Source "ChessBase"]
[SourceDate "2021.10.24"]
[SourceVersion "1"]
[SourceVersionDate "2021.10.24"]
[SourceQuality "1"]

1. e4 c5 2. Nf3 Nc6 3. d4 cxd4 4. Nxd4 Nf6 5. Nc3 e5 6. Ndb5 d6 7. Bg5 a6 8. Na3 b5 9. Bxf6 gxf6 10. Nd5 f5 11. Bd3 Bg7 12. exf5 Qa5+ 13. c3 b4 14. Be4 bxa3 15. b4 Qd8 16. f6 Bh6 17. Nb6 Bb7 18. Nxa8 Bxa8 19. 0-0 Bg5 20. Qa4 d5 21. Rfd1 0-0 22. Qxa6 Nd4 23. Bxh7+ Kxh7 24. cxd4 e4 25. Qxa3 Qxf6 26. Qh3+ Kg7 27. Qg3 Rh8 28. Rac1 Qf5 29. Rc3 Kf6 30. Qd6+ Qe6 31. Qc7 Kf5 32. Qg3 Bf4 33. Qg7 Qe8 34. Rh3 Rxh3 35. gxh3 Bd6 36. b5 Ke6 37. a4 Bb7 38. h4 1-0

[Event "CP-2013-P-00002"]
[Site "LSS email"]
[Date "2013.09.30"]
[Round "?"]
[White "Volkov, Aleksandr"]
[Black "Glowatzky, Tihomir"]
[Result "1-0"]
[WhiteElo "2213"]
[BlackElo "1947"]
[PlyCount "39"]
[EventDate "2013.10.01"]
[EventType "tourn (corr)"]
[EventRounds "6"]
[EventCountry "GER"]
[SourceTitle "Corr 2022"]
[Source "ChessBase"]
[SourceDate "2021.10.24"]
[SourceVersion "1"]
[SourceVersionDate "2021.10.24"]
[SourceQuality "1"]

1. e4 e5 2. Nf3 Nf6 3. d4 Nxe4 4. Bd3 d5 5. Nxe5 Nd7 6. Nxd7 Bxd7 7. 0-0 Bd6 8. c4 c6 9. cxd5 cxd5 10. Nc3 Nxc3 11. bxc3 0-0 12. Qh5 g6 13. Qxd5 Qc7 14. g3 Be6 15. Qf3 Qxc3 16. Rb1 Qxd4 17. Be4 Qc4 18. Rxb7 Rae8 19. Bb2 f6 20. Rxh7 1-0

[Event "SA-2013-0-00362"]
[Site "LSS email"]
[Date "2013.08.19"]
[Round "?"]
[White "Silva Filho, Alcindo Luz Bastos"]
[Black "Volkov, Aleksandr"]
[Result "1/2-1/2"]
[WhiteElo "2213"]
[BlackElo "2216"]
[PlyCount "44"]
[EventDate "2013.08.03"]
[EventType "tourn (corr)"]
[EventRounds "6"]
[EventCountry "GER"]
[SourceTitle "Corr 2022"]
[Source "ChessBase"]
[SourceDate "2021.10.24"]
[SourceVersion "1"]
[SourceVersionDate "2021.10.24"]
[SourceQuality "1"]

1. e4 c5 2. Nf3 Nc6 3. Bb5 g6 4. 0-0 Bg7 5. c3 Nf6 6. Qe2 0-0 7. d4 cxd4 8. cxd4 d5 9. e5 Ne4 10. Be3 Bd7 11. Nc3 Nxc3 12. bxc3 Na5 13. Bd3 Rc8 14. Rfc1 a6 15. Nd2 Rc6 16. c4 Qc7 17. Qf1 dxc4 18. Nxc4 Rc8 19. Nxa5 Qxa5 20. Be4 Rxc1 21. Rxc1 b5 22. h3 Rd8 1/2-1/2

[Event "SA-2013-0-00362"]
[Site "LSS email"]
[Date "2013.08.19"]
[Round "?"]
[White "Volkov, Aleksandr"]
[Black "Rasumov, Aleksandr"]
[Result "1-0"]
[WhiteElo "2216"]
[BlackElo "2100"]
[PlyCount "167"]
[EventDate "2013.08.03"]
[EventType "tourn (corr)"]
[EventRounds "6"]
[EventCountry "GER"]
[SourceTitle "Corr 2022"]
[Source "ChessBase"]
[SourceDate "2021.10.24"]
[SourceVersion "1"]
[SourceVersionDate "2021.10.24"]
[SourceQuality "1"]

1. e4 e5 2. Nf3 Nc6 3. Bb5 a6 4. Ba4 Nf6 5. 0-0 Be7 6. Re1 b5 7. Bb3 d6 8. c3 Bg4 9. a4 Na5 10. Bc2 c5 11. h3 Bxf3 12. Qxf3 b4 13. d3 0-0 14. Nd2 Rb8 15. Nf1 Nc6 16. a5 Rb7 17. Ne3 bxc3 18. bxc3 Kh8 19. Ra3 Qc7 20. Bb3 Nxa5 21. Bd5 Ra7 22. Bd2 Nc6 23. Nf5 Bd8 24. Bc4 a5 25. Rb1 Ng8 26. Qg4 Bf6 27. Ne3 Rb8 28. Qd1 Rxb1 29. Qxb1 g6 30. Nd5 Qc8 31. Qb3 Kg7 32. Ra1 Bd8 33. Qd1 Nce7 34. Ne3 Qb8 35. h4 Nf6 36. g4 Nc8 37. g5 Ng8 38. Ng4 Nb6 39. Ba2 Re7 40. Qf3 c4 41. h5 Rb7 42. d4 exd4 43. h6+ Kf8 44. cxd4 Qc8 45. Rb1 Qc6 46. d5 Qa4 47. Rb2 c3 48. Bxc3 Bxg5 49. Bg7+ Ke8 50. e5 Bc1 51. Re2 Re7 52. Nf6+ Nxf6 53. Bxf6 Qf4 54. Qxf4 Bxf4 55. Bxe7 Kxe7 56. Rb2 Nd7 57. e6 fxe6 58. dxe6 Nc5 59. Rb8 Bxh6 60. Rh8 Bg5 61. Rxh7+ Ke8 62. Bc4 a4 63. f4 Bf6 64. Kh2 Kd8 65. Ra7 Ke8 66. Ra8+ Ke7 67. Bd5 Nd3 68. Ra7+ Kd8 69. Rd7+ Kc8 70. Bb7+ Kb8 71. e7 Bxe7 72. Rxe7 Nxf4 73. Bc6 a3 74. Rb7+ Kc8 75. Bh1 Nd3 76. Ra7 Ne5 77. Rxa3 Kd7 78. Bd5 Kd8 79. Kg3 Kc7 80. Rb3 Nd7 81. Rb7+ Kd8 82. Kf4 Kc8 83. Kg5 Ne5 84. Kf6 1-0

[Event "BI-2013-P-00004"]
[Site "LSS email"]
[Date "2013.04.22"]
[Round "?"]
[White "Pehl, Ferenc"]
[Black "Volkov, Aleksandr"]
[Result "0-1"]
[WhiteElo "1079"]
[BlackElo "2234"]
[PlyCount "30"]
[EventDate "2013.04.25"]
[EventType "tourn (corr)"]
[EventRounds "10"]
[EventCountry "GER"]
[SourceTitle "Corr 2022"]
[Source "ChessBase"]
[SourceDate "2021.10.24"]
[SourceVersion "1"]
[SourceVersionDate "2021.10.24"]
[SourceQuality "1"]

1. e4 c5 2. Nf3 Nc6 3. d4 cxd4 4. Nxd4 Nf6 5. Nc3 e5 6. Nxc6 bxc6 7. Bd3 Bb4 8. Bd2 d5 9. exd5 cxd5 10. a3 Bc5 11. h3 Rb8 12. b3 Bd7 13. Bg5 Bd4 14. Qd2 Qc7 15. 0-0 Bxc3 0-1